A handbook for currriculum and instruction (Record no. 1467)

000 -LEADER
fixed length control field 00600nam a22002057a 4500
003 - CONTROL NUMBER IDENTIFIER
control field OSt
005 - DATE AND TIME OF LATEST TRANSACTION
control field 20150115182511.0
008 - FIXED-LENGTH DATA ELEMENTS--GENERAL INFORMATION
fixed length control field 150115b xxu||||| |||| 00| 0 eng d
020 ## - INTERNATIONAL STANDARD BOOK NUMBER
International Standard Book Number 9966854657
050 ## - LIBRARY OF CONGRESS CALL NUMBER
Classification number LB 1570.O88 2011
100 ## - MAIN ENTRY--PERSONAL NAME
Personal name
245 ## - TITLE STATEMENT
Title A handbook for currriculum and instruction
Statement of responsibility, etc Ruth N. Otunga, with Isaac I. Odeo and Peter L. Barasa
260 ## - PUBLICATION, DISTRIBUTION, ETC. (IMPRINT)
Place of publication, distribution, etc Eldoret
Name of publisher, distributor, etc Moi University Press
Date of publication, distribution, etc 2011
300 ## - PHYSICAL DESCRIPTION
Extent 236p.
Other physical details ill.
504 ## - BIBLIOGRAPHY, ETC. NOTE
Bibliography, etc Includes bibl. refs.
650 ## - SUBJECT ADDED ENTRY--TOPICAL TERM
Topical term or geographic name as entry element Curriculum planning
General subdivision Instructions
700 ## - ADDED ENTRY--PERSONAL NAME
Personal name Odero, Isaac I.
700 ## - ADDED ENTRY--PERSONAL NAME
Personal name Barasa, Peter L.
942 ## - ADDED ENTRY ELEMENTS (KOHA)
Source of classification or shelving scheme
Koha item type Book
Holdings
Withdrawn status Lost status Source of classification or shelving scheme Damaged status Not for loan Home library Current library Shelving location Date acquired Total Checkouts Total Renewals Full call number Barcode Date last seen Date checked out Copy number Price effective from Koha item type
          Riara University Library Riara University Library General stack 15/01/2015 29 3 LB 1570.O88 2011 5234/15 08/12/2022 22/09/2022 C.1 15/01/2015 Book
          Riara University Library Riara University Library General stack 15/01/2015 7   LB 1570.O88 2011 5235/15 12/04/2018 04/12/2017 C.2 15/01/2015 Book
          Riara University Library Riara University Library General stack 15/01/2015 9   LB 1570.O88 2011 5236/15 21/08/2017 16/01/2017 C.3 15/01/2015 Book

Riara University Library,
P.O. Box 49940-00100,
Nairobi, Kenya.